| Поле | Название | Значение |
| |
Тип записи |
i |
| |
Библиографический уровень |
m |
| 001 |
Контрольный номер |
RU/IS/BASE/300447467 |
| 005 |
Дата корректировки |
20201206204644.0 |
| 010 |
Индекс ISBN |
__ |
| d |
Цена |
182-76 |
| 101 |
Язык документа |
__ |
| a |
Язык текста |
rus |
| c |
Язык оригинала |
fre |
| 200 |
Заглавие и сведения об ответственности |
1_ |
| a |
Заглавие |
Таинственный остров |
| e |
Сведения, относящиеся к заглавию |
[аудиокнига : роман] |
| f |
Первые сведения об ответственности |
Жюль Верн ; читает: Алексей Россошанский ; пер. Н. Немчиновой, А. Худадовой |
| b |
Общее обозначение материала |
Звукозапись |
| 210 |
Выходные данные |
__ |
| a |
Место издания |
М. |
| c |
Издательство |
Равновесие |
| d |
Дата издания |
2008 |
| 215 |
Физическое описание |
__ |
| a |
Объем |
2 электрон. опт. диска (Audio CD) (23 ч. 07 мин.) |
| 225 |
Серия |
__ |
| a |
Серия |
Путешествия и приключения |
| 225 |
Серия |
__ |
| a |
Серия |
CD - слушай! |
| 300 |
Общие примечания |
__ |
| a |
Общие примечания |
процессор Pentium-II ; память 256 МБ ОЗУ ; дисковод CD/DVD-ROM ; Windows 98/2000/XP ; звуковая карта ; колонки ; аудиосистемы с поддержкой формата MP3 ; AudioCD. - техн. поддержка support@ravnovesie.com |
| 323 |
Примечание о главных создателях, исполнителях, участниках |
__ |
| a |
Примечание о главных создателях, исполнителях, участниках |
Россошанский, А. (читает) |
| 330 |
Аннотация |
__ |
| a |
Аннотация |
События романа происходят во времена гражданской войны в США, когда пятеро смельчаков- северян спасаются от плена на воздушном шаре. Страшная буря выбрасывает их на берег необитаемого острова. Отвага и таланты новых поселенцев острова помогают им обустроить свою жизнь, не испытывая нужды ни в еде, ни в одежде, ни в тепле и уюте. Мирное пребывание "робинзонов" на острове нарушает угроза нападения пиратов, но какая-то таинственная сила помогает им в самых сложных ситуациях… |
| 333 |
Примечание о целевом назначении |
__ |
| a |
Примечание о целевом назначении |
12+. Для детей старше 12 лет |
| 606 |
Тематические рубрики |
__ |
| a |
Основная рубрика |
Художественная литература |
| 606 |
Тематические рубрики |
__ |
| a |
Основная рубрика |
Литература Европы (произведения) |
| 610 |
Ключевые слова |
__ |
| a |
Ключевые слова |
французская литература; зарубежная литература; тема приключений; тема дружбы; тема путешествий; тема пиратов; романы |
| 686 |
Индексы других классификаций |
__ |
| a |
Классификационный индекс |
ст84(4Фра)-4я0 |
| 700 |
Автор |
_1 |
| a |
Фамилия |
Верн |
| b |
Имя |
Ж. |
| g |
Полное личное имя |
Жюль |
| 4 |
Код отношения |
070 |
| 702 |
Вторичная интеллектуальная ответственность |
_1 |
| a |
Фамилия |
Немчинова |
| b |
Имя |
Н. |
| 4 |
Код отношения |
Переводчик |
| 702 |
Вторичная интеллектуальная ответственность |
_1 |
| a |
Фамилия |
Худадова |
| b |
Имя |
А. |
| 4 |
Код отношения |
Переводчик |
| 801 |
Источник записи |
_0 |
| a |
Страна |
RU |
| b |
Организация |
Муниципальное бюджетное учреждение культуры "Централизованная библиотечная система" г. Сургут (Центральная городская библиотека им. А. С. Пушкина) |
| g |
Правила каталогизации |
КиК/Лукашук |
| 801 |
Источник записи |
_1 |
| a |
Страна |
RU |
| b |
Организация |
Муниципальное бюджетное учреждение культуры "Централизованная библиотечная система" г. Сургут (Центральная городская библиотека им. А. С. Пушкина) |
| g |
Правила каталогизации |
КиК/Лукашук |
| 852 |
Данные о местонахождении |
__ |
| j |
Шифр хранения |
ст84(4Фра)-4я0 |
| c |
Каталожный индекс |
ст84(4Фра)-4я04 |
| i |
Авторский знак |
В 35 |
| 901 |
Тип документа |
__ |
| t |
Тип документа |
0 |
| 903 |
Характеристики (МАРС) |
__ |
| a |
Дата передачи |
20090715 |
| 969 |
Тип издания |
__ |
| a |
Тип издания |
аудиокнига |
| 990 |
Данные о заказе (DOS) |
__ |
| j |
Количество экземпляров (DOS) |
1 |
| h |
N записи в КСУ для Б/У (DOS) |
200907 |